The Writers Craft / (Record no. 4844)
[ view plain ]
| 000 -LEADER | |
|---|---|
| fixed length control field | 00584nam a2200217 a 4500 |
| 001 - CONTROL NUMBER | |
| JCCL Control Number | 4844 |
| 003 - CONTROL NUMBER IDENTIFIER | |
| JCCL marc code | BD-JhCC |
| 005 - DATE AND TIME OF LATEST TRANSACTION | |
| control field | 20171209130238.0 |
| 008 - FIXED-LENGTH DATA ELEMENTS--GENERAL INFORMATION | |
| fixed length control field | 171204s1934 bg |||| ||a| 00| 0 eng d |
| 035 ## - SYSTEM CONTROL NUMBER | |
| system control number | (BD-JhCC)4844 |
| 040 ## - CATALOGING SOURCE | |
| Original cataloging agency | BD-JhCC |
| Modifying agency | BD-JhCC |
| 041 ## - LANGUAGE CODE | |
| Language code of Book | eng |
| 082 ## - DEWEY DECIMAL CLASSIFICATION NUMBER | |
| Classification number | 808.042 |
| Author mark and Year | JEP 1934 |
| 100 ## - MAIN ENTRY--PERSONAL NAME | |
| Personal name | Jepson, R. W. |
| 245 ## - TITLE STATEMENT | |
| Title | The Writers Craft / |
| Statement of responsibility, etc | R. W. Jepson |
| 260 ## - PUBLICATION, DISTRIBUTION, ETC. (IMPRINT) | |
| Place of publication, distribution, etc | Toronto |
| -- | MelBourne : |
| Name of publisher, distributor, etc | J. M. And Sons LTD, |
| Date of publication, distribution, etc | 1934. |
| 300 ## - PHYSICAL DESCRIPTION | |
| Pagination | 181 p. : |
| Dimensions | 17 cm. |
| 650 ## - SUBJECT ADDED ENTRY--TOPICAL TERM | |
| Topical term or geographic name as entry element | English Language |
| General subdivision | Rhetoric |
| -- | Compsition And Exercises |
| 942 ## - ADDED ENTRY ELEMENTS (KOHA) | |
| Source of classification or shelving scheme | Dewey Decimal Classification |
| Koha item type | Books |
| Source of classification or shelving scheme | Damaged status | Not for loan | Home library | Current library | Shelving location | Date of accession | Total Checkouts | Full call number | Barcode | Date last seen | Date checked out | Copy number | Koha item type |
|---|---|---|---|---|---|---|---|---|---|---|---|---|---|
| Dewey Decimal Classification | JCC Rouf Library | JCC Rouf Library | General Stacks | 12/04/2017 | 1 | 808.042 JEP 1934 | 6848 | 05/29/2025 | 02/20/2025 | C-1 | Books |